[Event "IECC Swiss email"]
[Site "IECC email"]
[Date "2001.04.21"]
[Round "?"]
[White "Jonsson, Gudbrandur"]
[Black "Torre, Isidro"]
[Result "0-1"]
[WhiteElo "1422"]
[BlackElo "2154"]
[PlyCount "98"]
[EventDate "2001.??.??"]
[EventType "tourn (corr)"]
[EventRounds "6"]
[SourceTitle "Corr 2008"]
[Source "ChessBase"]
[SourceDate "2008.06.24"]
[SourceVersion "1"]
[SourceVersionDate "2008.06.24"]
[SourceQuality "1"]

1. e4 a6 2. d4 b5 3. a4 Bb7 4. axb5 axb5 5. Rxa8 Bxa8 6. Nd2 b4 7. Bd3 Nf6 8. Ngf3 g6 9. 0-0 Bg7 10. Re1 d6 11. Nb3 Nbd7 12. Bd2 c5 13. e5 dxe5 14. Nxc5 Nxc5 15. dxc5 0-0 16. Nxe5 Qd4 17. c3 bxc3 18. Bxc3 Qxc5 19. Qa4 Nd5 20. Bd4 Qb4 21. Qxb4 Nxb4 22. Bc5 Nxd3 23. Nxd3 Rd8 24. Re3 e6 25. f4 Bb7 26. b4 Bc3 27. b5 Bd2 28. Rh3 Rd5 29. Kf2 Bxf4 30. Ke2 e5 31. Be3 Bc8 32. Rh4 g5 33. Bxf4 exf4 34. Rh6 Bg4+ 35. Kd2 Bf5 36. Ke1 Bxd3 37. b6 Rb5 38. h4 g4 39. Rf6 f3 40. Rf4 h5 41. g3 Rxb6 42. Kd2 Ba6 43. Rf5 Rb2+ 44. Ke3 Re2+ 45. Kd4 f2 46. Rg5+ Kf8 47. Rf5 Bb7 48. Rxf2 Rxf2 49. Ke5 Rd2 0-1

[Event "IECC KO email"]
[Site "IECC email"]
[Date "2001.04.21"]
[Round "?"]
[White "Perz, Martial"]
[Black "Torre, Isidro"]
[Result "1-0"]
[WhiteElo "2147"]
[BlackElo "2124"]
[PlyCount "79"]
[EventDate "2001.??.??"]
[EventType "tourn (corr)"]
[EventRounds "6"]
[SourceTitle "Corr 2008"]
[Source "ChessBase"]
[SourceDate "2008.06.24"]
[SourceVersion "1"]
[SourceVersionDate "2008.06.24"]
[SourceQuality "1"]

1. e4 e5 2. Nf3 Nc6 3. d4 exd4 4. Nxd4 Bc5 5. Be3 Qf6 6. c3 Nge7 7. Bc4 Ne5 8. Be2 Qg6 9. 0-0 d6 10. f3 0-0 11. Nd2 d5 12. Kh1 Re8 13. Bf4 N5c6 14. Nb5 Nd8 15. Nxc7 Ne6 16. Bd6 Bxd6 17. Nxe8 Nf4 18. g3 Bc5 19. gxf4 Bh3 20. Rg1 Bxg1 21. Qxg1 Rxe8 22. Qg3 Qh6 23. Re1 Bd7 24. Bd3 Qb6 25. exd5 Nxd5 26. Ne4 Qc6 27. Bc2 Bf5 28. Rg1 g6 29. Qh4 Ne3 30. Nf6+ Kf8 31. Be4 Bxe4 32. Qh6+ Ke7 33. Nxe4 Kd8 34. Qg5+ Kc7 35. Qf6 Qd5 36. Ng5 Qxa2 37. Re1 Qd5 38. Qxf7+ Qxf7 39. Nxf7 Re7 40. Ng5 1-0

[Event "IECC Swiss email"]
[Site "IECC email"]
[Date "2001.02.10"]
[Round "?"]
[White "Dunn, Carl"]
[Black "Torre, Isidro"]
[Result "0-1"]
[WhiteElo "1899"]
[BlackElo "2110"]
[PlyCount "40"]
[EventDate "2001.??.??"]
[EventType "tourn (corr)"]
[EventRounds "6"]
[SourceTitle "Corr 2008"]
[Source "ChessBase"]
[SourceDate "2008.06.24"]
[SourceVersion "1"]
[SourceVersionDate "2008.06.24"]
[SourceQuality "1"]

1. e4 e5 2. Bc4 Nf6 3. d4 exd4 4. Nf3 Nc6 5. e5 d5 6. Bb5 Ne4 7. Nxd4 Bc5 8. 0-0 0-0 9. Bxc6 bxc6 10. b4 Bb6 11. Nxc6 Qh4 12. Be3 Ba6 13. Bxb6 Bxf1 14. Be3 Bb5 15. Nd4 Bd7 16. f3 Ng5 17. Nc3 c6 18. f4 Ne6 19. Nf3 Qg4 20. Qd3 Nxf4 0-1

[Event "IECC KO email"]
[Site "IECC email"]
[Date "2000.09.18"]
[Round "?"]
[White "Ventimiglia, Charles"]
[Black "Torre, Isidro"]
[Result "1/2-1/2"]
[WhiteElo "1964"]
[BlackElo "2065"]
[PlyCount "49"]
[EventDate "2000.??.??"]
[EventType "tourn (corr)"]
[EventRounds "6"]
[SourceTitle "Corr 2008"]
[Source "ChessBase"]
[SourceDate "2008.06.24"]
[SourceVersion "1"]
[SourceVersionDate "2008.06.24"]
[SourceQuality "1"]

1. e4 c5 2. c3 d5 3. exd5 Qxd5 4. d4 Nf6 5. Nf3 Bg4 6. Be2 e6 7. h3 Bh5 8. 0-0 Nc6 9. Be3 cxd4 10. Nxd4 Bxe2 11. Qxe2 Nxd4 12. Bxd4 Be7 13. Rd1 Qc6 14. Nd2 0-0 15. Nf3 Rfd8 16. Rd2 Rd6 17. Ne5 Qc7 18. b3 Rad8 19. Rad1 Ne8 20. Ng4 b6 21. Qf3 Bg5 22. Ne3 Qc8 23. c4 h6 24. Bc3 Rxd2 25. Rxd2 1/2-1/2

[Event "IECC Swiss email"]
[Site "IECC email"]
[Date "2000.08.29"]
[Round "?"]
[White "Kolacz, Wojciech"]
[Black "Torre, Isidro"]
[Result "0-1"]
[WhiteElo "1743"]
[BlackElo "2150"]
[PlyCount "56"]
[EventDate "2000.??.??"]
[EventType "tourn (corr)"]
[EventRounds "6"]
[SourceTitle "Corr 2008"]
[Source "ChessBase"]
[SourceDate "2008.06.24"]
[SourceVersion "1"]
[SourceVersionDate "2008.06.24"]
[SourceQuality "1"]

1. e4 c5 2. Nf3 d6 3. Nc3 Nc6 4. d4 cxd4 5. Nxd4 Nf6 6. Bc4 Qb6 7. Nb3 e6 8. Be3 Qc7 9. Bd3 a6 10. f4 b5 11. Qf3 Bb7 12. 0-0 Be7 13. Rae1 0-0 14. Qh3 Nb4 15. Nd4 Nxd3 16. cxd3 b4 17. Nce2 Rfc8 18. Ng3 a5 19. Nh5 a4 20. Rf3 Qa5 21. f5 b3 22. Ra1 e5 23. Ne2 a3 24. bxa3 b2 25. Rb1 Qxa3 26. Nxg7 Qxa2 27. Rff1 Qxb1 28. Rxb1 Ra1 0-1

[Event "IECC TH-T email"]
[Site "IECC email"]
[Date "2000.07.14"]
[Round "?"]
[White "Marcotulli, Giancarlo"]
[Black "Torre, Isidro"]
[Result "1/2-1/2"]
[WhiteElo "1997"]
[BlackElo "2062"]
[PlyCount "43"]
[EventDate "2000.??.??"]
[EventType "match (corr)"]
[EventRounds "2"]
[SourceTitle "Corr 2008"]
[Source "ChessBase"]
[SourceDate "2008.06.24"]
[SourceVersion "1"]
[SourceVersionDate "2008.06.24"]
[SourceQuality "1"]

1. d4 Nf6 2. c4 e5 3. dxe5 Ng4 4. Bf4 Nc6 5. Nf3 Bb4+ 6. Nbd2 Qe7 7. e3 0-0 8. a3 Bxd2+ 9. Qxd2 Ngxe5 10. Nxe5 Nxe5 11. c5 Rd8 12. Qd5 d6 13. Rd1 Bg4 14. Rd2 dxc5 15. Qxe5 Rxd2 16. Kxd2 Qd7+ 17. Kc3 Rd8 18. Bc4 Qd2+ 19. Kb3 b5 20. Bd5 c4+ 21. Ka2 Qxd5 22. Qxd5 1/2-1/2

[Event "IECC O email"]
[Site "IECC email"]
[Date "2000.04.02"]
[Round "?"]
[White "Torre, Isidro"]
[Black "Perz, Martial"]
[Result "0-1"]
[WhiteElo "2076"]
[BlackElo "1966"]
[PlyCount "54"]
[EventDate "2000.??.??"]
[EventType "tourn (corr)"]
[EventRounds "6"]
[SourceTitle "Corr 2008"]
[Source "ChessBase"]
[SourceDate "2008.06.24"]
[SourceVersion "1"]
[SourceVersionDate "2008.06.24"]
[SourceQuality "1"]

1. e4 c5 2. b3 d6 3. Bb2 Nc6 4. Nf3 e6 5. Bb5 Bd7 6. 0-0 Nf6 7. Re1 Be7 8. Bf1 0-0 9. c4 e5 10. d3 a5 11. Nc3 Nd4 12. Nd5 Nxf3+ 13. Qxf3 Nxd5 14. exd5 Bg5 15. Bc3 b5 16. a3 b4 17. Bb2 Qb6 18. a4 Bd2 19. Re2 Bc3 20. Rc1 Bxb2 21. Rxb2 f5 22. Re1 Qd8 23. Rbe2 f4 24. Rd2 Rf6 25. Be2 Rh6 26. h3 Qg5 27. Kh1 Rf8 0-1

[Event "IECC Swiss email"]
[Site "IECC email"]
[Date "2000.02.16"]
[Round "?"]
[White "Torre, Isidro"]
[Black "Wosch, Andy"]
[Result "1/2-1/2"]
[WhiteElo "2035"]
[BlackElo "2310"]
[PlyCount "39"]
[EventDate "2000.??.??"]
[EventType "tourn (corr)"]
[EventRounds "6"]
[SourceTitle "Corr 2008"]
[Source "ChessBase"]
[SourceDate "2008.06.24"]
[SourceVersion "1"]
[SourceVersionDate "2008.06.24"]
[SourceQuality "1"]

1. d4 d5 2. c4 dxc4 3. Nf3 Nf6 4. e3 e6 5. Bxc4 c5 6. 0-0 a6 7. a4 Nc6 8. Qe2 cxd4 9. Rd1 Be7 10. exd4 0-0 11. Nc3 Nd5 12. Bd3 Ncb4 13. Bb1 b6 14. Ne5 Bb7 15. Ra3 Rc8 16. Bxh7+ Kxh7 17. Qh5+ Kg8 18. Nxd5 Qxd5 19. Rg3 g6 20. Rxg6+ 1/2-1/2

[Event "IECC CL2-2000.11"]
[Site "IECC email"]
[Date "2000.02.01"]
[Round "?"]
[White "Malmstroem, Jan"]
[Black "Torre, Isidro"]
[Result "0-1"]
[WhiteElo "2102"]
[BlackElo "2027"]
[PlyCount "36"]
[EventDate "2000.??.??"]
[EventType "tourn (corr)"]
[EventRounds "4"]
[SourceTitle "Corr 2008"]
[Source "ChessBase"]
[SourceDate "2008.06.24"]
[SourceVersion "1"]
[SourceVersionDate "2008.06.24"]
[SourceQuality "1"]

1. d4 d5 2. c4 dxc4 3. Nc3 e5 4. d5 Nf6 5. e4 c6 6. Bg5 Bb4 7. Bxf6 Qxf6 8. Bxc4 Qg6 9. Qf3 0-0 10. Rc1 Rd8 11. a3 Bxc3+ 12. Rxc3 Nd7 13. dxc6 bxc6 14. h3 Rb8 15. b4 c5 16. bxc5 Rb1+ 17. Ke2 Nf8 18. Rb3 Ra1 0-1

[Event "IECC CL2-2000.11"]
[Site "IECC email"]
[Date "2000.02.01"]
[Round "?"]
[White "Torre, Isidro"]
[Black "Fielding, Gerald Kensell"]
[Result "1/2-1/2"]
[WhiteElo "2062"]
[BlackElo "2038"]
[PlyCount "71"]
[EventDate "2000.??.??"]
[EventType "tourn (corr)"]
[EventRounds "4"]
[SourceTitle "Corr 2008"]
[Source "ChessBase"]
[SourceDate "2008.06.24"]
[SourceVersion "1"]
[SourceVersionDate "2008.06.24"]
[SourceQuality "1"]

1. c4 Nf6 2. Nc3 c5 3. Nf3 Nc6 4. d4 cxd4 5. Nxd4 e6 6. g3 Qb6 7. Ndb5 Ne5 8. Bg2 a6 9. Qa4 Rb8 10. Be3 Bc5 11. Bxc5 Qxc5 12. Qa3 b6 13. Nd6+ Ke7 14. Qxc5 bxc5 15. Nxc8+ Rhxc8 16. b3 g5 17. h3 h5 18. 0-0-0 d6 19. Rd2 Rd8 20. Rhd1 Rd7 21. f4 gxf4 22. gxf4 Ng6 23. e3 Rdd8 24. Kc2 Nh4 25. e4 Ng6 26. Ne2 Rd7 27. Bf3 Nh4 28. Bh1 Rg8 29. Rd3 Ng6 30. Kd2 Rdd8 31. Ke3 h4 32. Bf3 e5 33. f5 Nf8 34. Kf2 Rg7 35. Bg2 N8h7 36. Bh1 1/2-1/2

[Event "IECC Swiss email"]
[Site "IECC email"]
[Date "2000.01.18"]
[Round "?"]
[White "Hassan, William"]
[Black "Torre, Isidro"]
[Result "1/2-1/2"]
[WhiteElo "1629"]
[BlackElo "2075"]
[PlyCount "83"]
[EventDate "2000.??.??"]
[EventType "tourn (corr)"]
[EventRounds "6"]
[SourceTitle "Corr 2008"]
[Source "ChessBase"]
[SourceDate "2008.06.24"]
[SourceVersion "1"]
[SourceVersionDate "2008.06.24"]
[SourceQuality "1"]

1. e4 g5 2. d4 h6 3. Nc3 Bg7 4. f4 gxf4 5. Bxf4 d6 6. Nf3 Nd7 7. e5 Nb6 8. Bd3 Be6 9. Qe2 Qd7 10. 0-0 0-0-0 11. Qf2 Bc4 12. Bxc4 Nxc4 13. b3 Nb6 14. Rad1 Qc6 15. Qg3 Rh7 16. Rd3 Bh8 17. Qh3+ Qd7 18. Qh5 d5 19. a4 Rg7 20. a5 Na8 21. Ne1 f5 22. Rh3 e6 23. Ne2 c6 24. Nd3 Qe7 25. Bxh6 Rh7 26. Qg5 Qf7 27. a6 b6 28. Nb4 c5 29. Nc6 Re8 30. b4 Qd7 31. b5 Ne7 32. Nxe7+ Rhxe7 33. Rb1 c4 34. Qe3 Nc7 35. Nc3 Rg8 36. Rg3 Rge8 37. Qg5 Rh7 38. Qg6 Kb8 39. Rh3 Rhe7 40. Qg3 Rh7 41. Qg6 Rhe7 42. Qg3 1/2-1/2

[Event "IECC TH-M email"]
[Site "IECC email"]
[Date "1999.12.02"]
[Round "?"]
[White "Torre, Isidro"]
[Black "Corbat, Philippe"]
[Result "0-1"]
[WhiteElo "2039"]
[BlackElo "1815"]
[PlyCount "28"]
[EventDate "1999.??.??"]
[EventType "match (corr)"]
[EventRounds "2"]
[SourceTitle "Corr 2008"]
[Source "ChessBase"]
[SourceDate "2008.06.24"]
[SourceVersion "1"]
[SourceVersionDate "2008.06.24"]
[SourceQuality "1"]

1. e4 e5 2. Nf3 f5 3. exf5 e4 4. Ng1 Qg5 5. d3 Qxf5 6. Qe2 Nf6 7. f3 d5 8. g4 Qg6 9. g5 Nh5 10. fxe4 dxe4 11. Bg2 Be7 12. Bxe4 Qf7 13. Nh3 0-0 14. Nf4 Nxf4 0-1

[Event "IECC Y2KO email"]
[Site "IECC email"]
[Date "1999.10.14"]
[Round "?"]
[White "Cain, Charlie"]
[Black "Torre, Isidro"]
[Result "0-1"]
[WhiteElo "1408"]
[BlackElo "1979"]
[PlyCount "51"]
[EventDate "1999.??.??"]
[EventType "tourn (corr)"]
[EventRounds "2"]
[SourceTitle "Corr 2008"]
[Source "ChessBase"]
[SourceDate "2008.06.24"]
[SourceVersion "1"]
[SourceVersionDate "2008.06.24"]
[SourceQuality "1"]

1. e4 g5 2. d4 h6 3. f4 Bg7 4. e5 d6 5. Nc3 dxe5 6. fxe5 c5 7. dxc5 Qxd1+ 8. Nxd1 Bxe5 9. Nf3 Bg7 10. Bb5+ Bd7 11. Bxd7+ Nxd7 12. Be3 Rc8 13. Bd4 e5 14. Nxe5 Bxe5 15. Bxe5 Nxe5 16. Nc3 Rxc5 17. 0-0-0 f5 18. Rhe1 Ne7 19. b4 Rxc3 20. Rxe5 Rc7 21. g3 0-0 22. Rde1 Nc6 23. Re6 Nxb4 24. Rg6+ Kh7 25. Rd6 Nxc2 26. Ree6 0-1

[Event "IECC Swiss email"]
[Site "IECC email"]
[Date "1999.09.27"]
[Round "?"]
[White "Naeter, Burkhard"]
[Black "Torre, Isidro"]
[Result "1-0"]
[WhiteElo "2014"]
[BlackElo "2006"]
[PlyCount "57"]
[EventDate "1999.??.??"]
[EventType "tourn (corr)"]
[EventRounds "6"]
[SourceTitle "Corr 2008"]
[Source "ChessBase"]
[SourceDate "2008.06.24"]
[SourceVersion "1"]
[SourceVersionDate "2008.06.24"]
[SourceQuality "1"]

1. e4 e6 2. d4 d5 3. Nc3 Nf6 4. Bg5 Bb4 5. e5 h6 6. Bd2 Bxc3 7. bxc3 Ne4 8. Qg4 g6 9. Bd3 Nxd2 10. Kxd2 c5 11. Qf4 Bd7 12. Nf3 Bc6 13. Qg4 Qe7 14. Rhb1 Nd7 15. a4 Rc8 16. a5 Rc7 17. Qf4 Rc8 18. h4 Qf8 19. Qe3 Qe7 20. Bb5 Nb8 21. Bxc6+ Rxc6 22. dxc5 Kf8 23. h5 g5 24. Ra2 Na6 25. Nd4 Rc8 26. Nb5 Nxc5 27. Nd6 Rc6 28. Rab2 f5 29. Rxb7 1-0

[Event "IECC TH-M email"]
[Site "IECC email"]
[Date "1999.09.05"]
[Round "?"]
[White "Laureles, Raymundo"]
[Black "Torre, Isidro"]
[Result "0-1"]
[WhiteElo "1689"]
[BlackElo "1992"]
[PlyCount "70"]
[EventDate "1999.??.??"]
[EventType "match (corr)"]
[EventRounds "2"]
[SourceTitle "Corr 2008"]
[Source "ChessBase"]
[SourceDate "2008.06.24"]
[SourceVersion "1"]
[SourceVersionDate "2008.06.24"]
[SourceQuality "1"]

1. d4 Nf6 2. c4 e5 3. dxe5 Ng4 4. e4 Nxe5 5. f4 Nec6 6. Be3 Bb4+ 7. Nc3 Qh4+ 8. g3 Bxc3+ 9. bxc3 Qe7 10. Bg2 d6 11. Ne2 0-0 12. 0-0 Be6 13. Qd3 Na5 14. Nd4 Bxc4 15. Nf5 Qd7 16. Qd4 f6 17. Bh3 Kh8 18. Rfd1 Nbc6 19. Qd2 g6 20. Qg2 Be6 21. Nxd6 Bxh3 22. Nf7+ Qxf7 23. Qxh3 Rad8 24. Bc5 Rfe8 25. Qg4 b6 26. Rxd8 Rxd8 27. Bf2 Qc4 28. h4 Qxe4 29. Re1 Qc4 30. h5 Kg7 31. Qh3 Qxa2 32. h6+ Kf7 33. Re3 Rd1+ 34. Kg2 Qd5+ 35. Rf3 Rd3 0-1

[Event "IECC Trio 781 email"]
[Site "IECC email"]
[Date "1999.08.21"]
[Round "?"]
[White "Torre, Isidro"]
[Black "Ciamarra, Michael A"]
[Result "1/2-1/2"]
[WhiteElo "1999"]
[BlackElo "2036"]
[PlyCount "24"]
[EventDate "1999.??.??"]
[EventType "tourn (corr)"]
[EventRounds "4"]
[SourceTitle "Corr 2008"]
[Source "ChessBase"]
[SourceDate "2008.06.24"]
[SourceVersion "1"]
[SourceVersionDate "2008.06.24"]
[SourceQuality "1"]

1. e4 e5 2. Nf3 Nf6 3. Nxe5 d6 4. Nf3 Nxe4 5. d4 d5 6. Bd3 Be7 7. 0-0 Nc6 8. c4 Nb4 9. Be2 0-0 10. a3 Nc6 11. cxd5 Qxd5 12. Nc3 Nxc3 1/2-1/2

[Event "IECC Swiss email"]
[Site "IECC email"]
[Date "1999.08.16"]
[Round "?"]
[White "Nowicki, Andrzej"]
[Black "Torre, Isidro"]
[Result "1/2-1/2"]
[WhiteElo "1884"]
[BlackElo "2060"]
[PlyCount "144"]
[EventDate "1999.??.??"]
[EventType "tourn (corr)"]
[EventRounds "6"]
[SourceTitle "Corr 2008"]
[Source "ChessBase"]
[SourceDate "2008.06.24"]
[SourceVersion "1"]
[SourceVersionDate "2008.06.24"]
[SourceQuality "1"]

1. e4 e5 2. Nf3 Nc6 3. d4 exd4 4. Nxd4 Nf6 5. Nxc6 bxc6 6. e5 Qe7 7. Qe2 Nd5 8. g3 g6 9. f4 Bg7 10. Bg2 0-0 11. b3 d6 12. 0-0 Re8 13. Ba3 f6 14. Qc4 fxe5 15. Qxc6 Nb6 16. Nc3 e4 17. Nxe4 Bd4+ 18. Kh1 Bxa1 19. Rxa1 Bf5 20. Re1 Kf8 21. Qc3 Qg7 22. Qd2 Rad8 23. c4 Bxe4 24. Bxe4 Qf7 25. c5 Nc8 26. cxd6 cxd6 27. Kg2 Nb6 28. Qd4 Re6 29. Bb2 d5 30. Bc3 Ke8 31. Bf3 Rxe1 32. Bxe1 h5 33. Bb4 Kd7 34. a4 Kc8 35. Bc5 Qc7 36. a5 Nd7 37. Bxa7 Qxa5 38. Bxd5 Re8 39. b4 Qb5 40. Qc4+ Qxc4 41. Bxc4 Re7 42. Kf3 g5 43. Be3 g4+ 44. Ke2 Nb6 45. Ba6+ Kb8 46. Kd3 Kc7 47. Bd4 Re1 48. Be5+ Kc6 49. b5+ Kd5 50. Bb7+ Ke6 51. Bc6 Nd5 52. Be8 Rd1+ 53. Kc4 Rc1+ 54. Kb3 Rb1+ 55. Bb2 h4 56. gxh4 Nxf4 57. Ka3 Nd3 58. Bd4 Kd5 59. Bg7 Re1 60. Bh5 Re3 61. Ka4 Kc5 62. Bf8+ Kb6 63. Bg6 Rf3 64. Be7 Rf4+ 65. Kb3 Ne5 66. Be8 Kc7 67. h5 Rf2 68. Bg5 Rf8 69. Bg6 Nxg6 70. hxg6 Rg8 71. Be3 Rxg6 72. Kc4 Re6 1/2-1/2

[Event "IECC TH-M email"]
[Site "IECC email"]
[Date "1999.06.24"]
[Round "?"]
[White "Miller, Roger"]
[Black "Torre, Isidro"]
[Result "1/2-1/2"]
[WhiteElo "1850"]
[BlackElo "2010"]
[PlyCount "81"]
[EventDate "1999.??.??"]
[EventType "match (corr)"]
[EventRounds "2"]
[SourceTitle "Corr 2008"]
[Source "ChessBase"]
[SourceDate "2008.06.24"]
[SourceVersion "1"]
[SourceVersionDate "2008.06.24"]
[SourceQuality "1"]

1. e4 e5 2. d4 exd4 3. c3 Qe7 4. cxd4 Qxe4+ 5. Be3 Bb4+ 6. Nd2 Nf6 7. Ngf3 Ng4 8. Qb3 Nxe3 9. fxe3 Qe7 10. 0-0-0 0-0 11. Bd3 Na6 12. Qc2 Kh8 13. Rhe1 Bxd2+ 14. Rxd2 Nb4 15. Qxc7 Nxa2+ 16. Kb1 Nb4 17. e4 Re8 18. Bb5 f6 19. d5 a6 20. Bc4 b5 21. Bf1 a5 22. Bxb5 Qf7 23. Rdd1 Ba6 24. Qxa5 Reb8 25. Qxb4 Rxb5 26. Qc3 Qg6 27. Rd2 Bb7 28. Rc2 Rba5 29. b3 Kg8 30. Nh4 Qe8 31. Rce2 Qf8 32. Rd2 Qb8 33. Nf5 Qxh2 34. Red1 Qb8 35. Nd4 Qe5 36. Re2 Ra3 37. Rdd2 h6 38. Rd1 Kh8 39. Rdd2 R8a7 40. Rd1 d6 41. Rdd2 1/2-1/2

[Event "IECC CL3-1999.25"]
[Site "IECC email"]
[Date "1999.06.21"]
[Round "?"]
[White "Torre, Isidro"]
[Black "Martin, Dennis"]
[Result "1-0"]
[WhiteElo "2029"]
[BlackElo "1784"]
[PlyCount "85"]
[EventDate "1999.??.??"]
[EventType "tourn (corr)"]
[EventRounds "4"]
[SourceTitle "Corr 2008"]
[Source "ChessBase"]
[SourceDate "2008.06.24"]
[SourceVersion "1"]
[SourceVersionDate "2008.06.24"]
[SourceQuality "1"]

1. Nf3 d5 2. c4 dxc4 3. Na3 f6 4. Nxc4 e5 5. g3 e4 6. Nh4 Nc6 7. Ne3 Bc5 8. Nhf5 Bxf5 9. Nxf5 Qd7 10. Ne3 0-0-0 11. Qb3 Nh6 12. Bg2 Rhe8 13. 0-0 Nd4 14. Qc4 Bb6 15. Re1 Ng4 16. b3 Ne5 17. Qa4 Qxa4 18. bxa4 f5 19. Bb2 g5 20. Rac1 f4 21. Bh3+ Kb8 22. gxf4 gxf4 23. Nc4 Nxc4 24. Rxc4 Nc6 25. Bc3 Na5 26. Rb4 c5 27. Rb5 Nc4 28. a5 Nd6 29. Rb3 Rg8+ 30. Kf1 Bc7 31. Be6 Rg6 32. Bd5 Rh6 33. d3 e3 34. h4 a6 35. Reb1 Nb5 36. Bf3 Rg8 37. h5 Nxc3 38. Rxc3 Bxa5 39. Rxb7+ Kc8 40. Rxc5+ Kd8 41. Rxa5 Re8 42. Rb8+ Kd7 43. Rd5+ 1-0

[Event "IECC KO email"]
[Site "IECC email"]
[Date "1999.06.14"]
[Round "?"]
[White "Berkley, Stephen W"]
[Black "Torre, Isidro"]
[Result "1/2-1/2"]
[WhiteElo "1641"]
[BlackElo "1992"]
[PlyCount "39"]
[EventDate "1999.??.??"]
[EventType "tourn (corr)"]
[EventRounds "6"]
[SourceTitle "Corr 2008"]
[Source "ChessBase"]
[SourceDate "2008.06.24"]
[SourceVersion "1"]
[SourceVersionDate "2008.06.24"]
[SourceQuality "1"]

1. d4 f5 2. g3 Nf6 3. Nf3 g6 4. Bg2 Bg7 5. 0-0 d6 6. Nbd2 0-0 7. c3 e6 8. Qc2 Bd7 9. e4 fxe4 10. Nxe4 Qc8 11. Nh4 Nxe4 12. Bxe4 Bc6 13. Bg5 Bxe4 14. Qxe4 Re8 15. Rae1 c6 16. Qf4 Qd7 17. Re2 Na6 18. Rfe1 e5 19. dxe5 Rxe5 20. Nf3 1/2-1/2